000 01674nam a2200493 c 4500
001 52151
003 ES-MaCES
005 20250203133825.0
008 220304s2021 sp ||||| 00| | spa d
017 _aB 7586-2021
_bDL
020 _a9788499429953
040 _aES-MaCES
_bspa
_cES-MaCES
041 1 _aspa
_heng
100 1 _aWebb, Amy
_940211
245 1 4 _aLos nueve gigantes
_b: cómo las grandes tecnológicas amenazan el futuro de la humanidad
_cAmy Webb ; trad. de María Mercedes Correa
250 _a1ª ed
260 _aBarcelona
_bEdiciones Peninsula
_c2021
300 _a381 p.
_c23 cm
490 1 _aAtalaya
500 _aTraducción de: The big nine, how the tech titans and their thinking machines could warp humanity
500 _aBibliografía: p. 361-368
541 _cCompra
650 4 _aempresa multinacional
_927142
650 4 _anuevas tecnologías
_930788
650 4 _atecnología de la información
_930104
650 4 _ainteligencia artificial
_930166
650 4 _arobot industrial
_929509
650 4 _apoder empresarial
_930600
650 4 _apoder político
_927200
650 4 _agrupo de intereses
_927235
650 4 _atoma de decisiones
_928194
650 4 _ademocracia
_927175
650 4 _acambio social
_927286
650 4 _afuturo del trabajo
_930756
650 4 _aestilo de vida
_929385
650 4 _aEstados Unidos
_928373
650 4 _aChina
_926909
650 4 _afuturo
_928901
653 1 0 _aEmpresa
700 1 _940216
_aCorrea, María Mercedes
_etr.
740 4 2 _aThe big nine, how the tech titans and their thinking machines could warp humanity
902 _aLIB Libro
942 _2CES
_cBK
_h0.0.
999 _c52151
_d52151